Pokémon Go: Highest CP by Type #1 - Statistics

General Stats
  • This quiz has been taken 123 times
    76 since last reset
  • The average score is 18 of 30
Answer Stats
Type Max CP Pokémon Region % Correct
Normal 5010 Slaking Hoenn
97%
Ground 4652 Groudon Hoenn
82%
Normal 4903 Regigigas Sinnoh
82%
Flying 4336 Rayquaza Hoenn
77%
Flying 4287 Dragonite Kanto
75%
Fighting 4329 Zamazenta (Hero of Many Battles) Galar
73%
Normal 3647 Snorlax Kanto
70%
Flying 4367 Ho-oh Johto
68%
Ground 4057 Landorus (Incarnate) Unova
65%
Flying 4434 Landorus (Therian) Unova
65%
Ground 4434 Landorus (Therian) Unova
65%
Poison 4465 Nihilego Alola
65%
Rock 4465 Nihilego Alola
65%
Rock 4335 Tyranitar Johto
63%
Ground 4479 Garchomp Sinnoh
60%
Fighting 4181 Terrakion Unova
60%
Rock 4181 Terrakion Unova
60%
Flying 4275 Yveltal Kalos
60%
Poison 3117 Muk Kanto / Alola
58%
Ground 4221 Rhyperior Sinnoh
58%
Rock 4221 Rhyperior Sinnoh
58%
Normal 4490 Meloetta (Aria) Unova
57%
Poison 3254 Gengar Kanto
53%
Fighting 3773 Conkeldurr Unova
52%
Fighting 3922 Buzzwole Alola
48%
Poison 3075 Venusaur Kanto
45%
Fighting 3741 Kommo-o Alola
37%
Poison 3359 Roserade Sinnoh
37%
Normal 3693 Porygon-Z Sinnoh
35%
Rock 3766 Archeops Unova
27%
No matching quizzes found
Score Distribution
Percent of People with Each Score
Percentile by Number Answered
Your Score History
You have not taken this quiz since the last reset